| 000 | 00364nam a22001577a 4500 | ||
|---|---|---|---|
| 003 | OSt | ||
| 005 | 20211122110852.0 | ||
| 008 | 211122b |||||||| |||| 00| 0 eng d | ||
| 020 | _a9789350352571 | ||
| 040 |
_aHU _cDDC |
||
| 082 | _a340/2011/LAW | ||
| 245 | _aLAW TALK | ||
| 260 |
_aNEW DELHI _bUNIVERSAL _c2011 |
||
| 300 | _aXVII,338P20CM | ||
| 942 |
_2ddc _cBOOKS _n0 |
||
| 999 |
_c19441 _d19441 |
||